| Tag |
First Indicator |
Second Indicator |
Subfields |
| LEADER |
00000cam a2200000 4500 |
| 001 |
in00000039603 |
| 005 |
20151007081840.0 |
| 008 |
720303s1953 eng u |
| 010 |
|
|
|a 53012887
|
| 035 |
|
|
|a (OCoLC)00255548
|
| 035 |
|
|
|9 AAF7002AM
|
| 040 |
|
|
|c YNG
|d TXA
|d UtOrBLW
|
| 049 |
|
|
|a TXAM
|c 1 [226376]
|
| 050 |
|
0 |
|a DS518.7
|b .B42
|
| 092 |
|
|
|a 327.47
|b B452s
|
| 100 |
1 |
|
|a Beloff, Max,
|d 1913-1999.
|
| 245 |
1 |
0 |
|a Soviet policy in the Far East, 1944-1951.
|
| 264 |
|
1 |
|a London, New York :
|b Oxford University Press,
|c 1953.
|
| 300 |
|
|
|a vi, 278 pages
|
| 336 |
|
|
|a text
|b txt
|2 rdacontent
|
| 337 |
|
|
|a unmediated
|b n
|2 rdamedia
|
| 338 |
|
|
|a volume
|b nc
|2 rdacarrier
|
| 500 |
|
|
|a An expansion of the author's Soviet Far Eastern policy since Yalta.
|
| 500 |
|
|
|a "Issued under the auspices of the Royal Institute of International Affairs."
|
| 504 |
|
|
|a Bibliographical footnotes.
|
| 650 |
|
0 |
|a Eastern question (Far East)
|
| 651 |
|
0 |
|a Soviet Union
|x Foreign relations
|y 1945-1991.
|
| 651 |
|
0 |
|a Soviet Union
|x Foreign relations
|z Asia.
|
| 999 |
|
|
|a MARS
|
| 999 |
f |
f |
|s 441c3617-88e3-3d91-b969-b2ceab9488f0
|i d330e3e4-6900-326e-b41b-03710d331220
|t 0
|
| 952 |
f |
f |
|p ric
|a Texas A&M University
|b Rellis Campus
|c Joint Library Facility
|d Remote Storage
|t 0
|e DS518.7 .B42
|h Library of Congress classification
|i unmediated -- volume
|m A14800675462
|
| 998 |
f |
f |
|a DS518.7 .B42
|t 0
|l Remote Storage
|